Oldest College Football Teams - Statistics

General Stats
  • This quiz has been taken 12 times
  • The average score is 37 of 83
Answer Stats
Year Founded Program % Correct
1869 Rutgers
82%
1879 Michigan
73%
1889 Wisconsin
73%
1888 Duke
64%
1887 Indiana
64%
1882 Minnesota
64%
1887 Notre Dame
64%
1894 Ohio
64%
1889 Ohio State
64%
1892 Alabam
55%
1899 Arizona
55%
1896 Arizona State
55%
1894 Arkansas
55%
1890 Army
55%
1882 California
55%
1890 Colorado
55%
1892 Georgia
55%
1890 Illinois
55%
1881 Kentucky
55%
1893 LSU
55%
1888 Maryland
55%
1890 Missouri
55%
1879 Navy
55%
1892 NC State
55%
1888 North Carolina
55%
1876 Northwestern
55%
1895 Oklahoma
55%
1894 Oregon
55%
1881 Penn State
55%
1891 Stanford
55%
1889 Syracuse
55%
1894 Temple
55%
1891 Tennessee
55%
1883 Texas
55%
1888 USC
55%
1892 Utah
55%
1889 Washington
55%
1893 Boston College
45%
1885 Cincinnati
45%
1896 Clemson
45%
1889 Delaware
45%
1889 Iowa
45%
1885 Michigan State
45%
1890 Nebraska
45%
1892 New Mexico
45%
1893 Oregon State
45%
1890 Pittsburgh
45%
1892 South Carolina
45%
1896 UConn
45%
1887 Virginia
45%
1892 Virginia Tech
45%
1893 Washington State
45%
1891 West Virginia
45%
1892 Auburn
36%
1894 Buffalo
36%
1892 Georgia Tech
36%
1892 Iowa State
36%
1890 Kansas
36%
1896 Kansas State
36%
1895 Mississippi State
36%
1893 New Mexico State
36%
1893 Ole Miss
36%
1887 Purdue
36%
1896 TCU
36%
1876 Texas A&M
36%
1893 Tulane
36%
1879 UMass
36%
1890 Vanderbilt
36%
1888 Wake Forest
36%
1899 Baylor
27%
1896 Central Michigan
27%
1895 Marshall
27%
1896 Nevada
27%
1895 Tulsa
27%
1893 Wyoming
27%
1891 Akron
18%
1890 Colorado State
18%
1891 Eastern Michigan
18%
1892 Utah State
18%
1894 North Dakota State
9%
1899 Northern Illinois
9%
1892 San Jose State
9%
1888 Miami (OH)
0%
No matching quizzes found
Score Distribution
Percent of People with Each Score
Percentile by Number Answered
Your Score History
You have not taken this quiz